| 000 | 00614nam a22001577a 4500 | ||
|---|---|---|---|
| 008 | 150515b xxu||||| |||| 00| 0 eng d | ||
| 020 | _a0940602695 | ||
| 082 |
_a709.809.04 _bT 758a |
||
| 100 |
_aTraba, Marta _92628 |
||
| 245 |
_aArte de America Latina 1900-1980 _cTraba, Marta |
||
| 260 |
_aNew York Avenue _bBanco Interamericano de Desarrollo _c1994 |
||
| 300 |
_a178 p. _bill. (col) _c22x28 cm |
||
| 505 |
_tEl Muralismo Mexicano: Acción y consecuencias _tLa Transfusión de las Vanguardias _tLas décadas emergentes _tLa Vanguardia |
||
| 650 |
_xArte _xArte latinoamericano _xS. 20 _92629 |
||
| 700 |
_aTraba, Marta _92630 |
||
| 999 |
_c585 _d585 |
||